Short`s Trustee v Keeper of the Registers of Scotland (Record no. 23695)
[ view plain ]
| 000 -LEADER | |
|---|---|
| fixed length control field | 01479cab a2200241 4500 |
| 001 - CONTROL NUMBER | |
| control field | E1952 |
| 008 - FIXED-LENGTH DATA ELEMENTS--GENERAL INFORMATION | |
| fixed length control field | 090401t1993 xxu||||| |||| 00| 0 eng d |
| 035 ## - SYSTEM CONTROL NUMBER | |
| System control number | (Sirsi) u36560 |
| 041 ## - LANGUAGE CODE | |
| Language code of text/sound track or separate title | eng |
| 245 ## - TITLE STATEMENT | |
| Title | Short`s Trustee v Keeper of the Registers of Scotland |
| 260 ## - PUBLICATION, DISTRIBUTION, ETC. | |
| Date of publication, distribution, etc. | 1993 |
| 350 ## - PRICE (NR) (BK AM CF MU VM SE) [OBSOLETE] | |
| Price | 0 |
| 490 ## - SERIES STATEMENT | |
| Series statement | Scots Law Times |
| Volume/sequential designation | 1993 SLT 1291-1299(9) |
| 520 ## - SUMMARY, ETC. | |
| Summary, etc. | Heritable property. Registration of title. Registrable transactions or events. Decree of reduction of disposition. Whether reduction an event capable of affecting title to a registered interest in land. Whether decree creating inaccuracy in register. Whether Keeper of Registers obliged to register decree of reduction. Conveyancing (Scotland) Act 1924 (& Geo V, c27), s46(1) - Land Registration (Scotland) Act 1979 (c33), ss2(1) and (4), 9(1), (2), (3) and (4) and 12(1), (2) and (3)b - Bankruptcy (Scotland) Act 1985 (c66), s34(4). Administrative law. Judicial review. Competency. Decision by Keeper of Registers. Alternative statutory remedy. Appeal to Lands Tribunal for Scotland possible. Land Registration (Scotland) Act 1979 (c33), s25(1) and (2). Outer House. Lord Coulsfield. 18 December 1992. |
| 650 ## - SUBJECT ADDED ENTRY--TOPICAL TERM | |
| Topical term or geographic name entry element | BANKRUPTCY (SCOTLAND) ACT 1985 |
| 650 ## - SUBJECT ADDED ENTRY--TOPICAL TERM | |
| Topical term or geographic name entry element | CONVEYANCING (SCOTLAND) ACT 1924 |
| 650 ## - SUBJECT ADDED ENTRY--TOPICAL TERM | |
| Topical term or geographic name entry element | HERITABLE PROPERTY |
| 650 ## - SUBJECT ADDED ENTRY--TOPICAL TERM | |
| Topical term or geographic name entry element | LAND REGISTRATION (SCOTLAND) ACT 1979 |
| 650 ## - SUBJECT ADDED ENTRY--TOPICAL TERM | |
| Topical term or geographic name entry element | REGISTRATION OF TITLE |
| 690 ## - LOCAL SUBJECT ADDED ENTRY--TOPICAL TERM (OCLC, RLIN) | |
| Topical term or geographic name as entry element | PROPERTY LAW AND PRACTICE-CASE LAW |
| 942 ## - ADDED ENTRY ELEMENTS (KOHA) | |
| Suppress in OPAC | 0 |
| 948 ## - LOCAL PROCESSING INFORMATION (OCLC); SERIES PART DESIGNATOR (RLIN) | |
| c (OCLC) | 04/03/1997 |
| Withdrawn status | Lost status | Source of classification or shelving scheme | Damaged status | Not for loan | Home library | Current library | Shelving location | Date acquired | Total Checkouts | Full call number | Barcode | Date last seen | Copy number | Price effective from | Koha item type |
|---|---|---|---|---|---|---|---|---|---|---|---|---|---|---|---|
| Dewey Decimal Classification | London | London | Journal article | 14/09/1999 | E1952 | 36560-1001 | 06/08/2019 | 1 | 06/08/2019 | Law report |